Countries with the Most People in HDI >0.9 Regions - Statistics

General Stats
  • This quiz has been taken 66 times
  • The average score is 15 of 16
Answers on the Map
Answers color-coded by a green-red scale on the quiz's map according to % correct below.
 
Answer Stats
People (M) Answer % Correct
26 Australia
100%
37 Canada
100%
83 Germany
100%
65 United Kingdom
100%
302 United States
100%
21 France
98%
93 Japan
98%
41 South Korea
96%
26 Spain
96%
33 Italy
94%
18 Netherlands
94%
10 Sweden
94%
10 Belgium
92%
9 Switzerland
84%
22 China
80%
20 Russia
72%
No matching quizzes found
Score Distribution
Percent of People with Each Score
Percentile by Number Answered
Your Score History
You have not taken this quiz